Structural dynamics and earthquake engineering / (Record no. 527251)
[ view plain ]
| 000 -LEADER | |
|---|---|
| fixed length control field | 00465nam a22001577a 4500 |
| 020 ## - INTERNATIONAL STANDARD BOOK NUMBER | |
| International Standard Book Number | 978930146545 |
| 082 ## - DEWEY DECIMAL CLASSIFICATION NUMBER | |
| Classification number | 624.1762 |
| Author Mark | VAS |
| 100 ## - MAIN ENTRY--PERSONAL NAME | |
| Personal name | Vasam, Er. Srinivas |
| 245 ## - TITLE STATEMENT | |
| Title | Structural dynamics and earthquake engineering / |
| Statement of responsibility, etc. | Er. Srinivas Vasam |
| 260 ## - PUBLICATION, DISTRIBUTION, ETC. | |
| Place of publication, distribution, etc. | Sahibabad : |
| Name of publisher, distributor, etc. | Al aziz books, |
| Date of publication, distribution, etc. | 2019. |
| 300 ## - PHYSICAL DESCRIPTION | |
| Extent | 612 p. ; |
| 942 ## - ADDED ENTRY ELEMENTS (KOHA) | |
| Source of classification or shelving scheme | |
| Koha item type | Book |
| 650 ## - SUBJECT ADDED ENTRY--TOPICAL TERM | |
| Topical term or geographic name entry element | Civil - Engineering |
| 650 ## - SUBJECT ADDED ENTRY--TOPICAL TERM | |
| -- | 809 |
| Withdrawn status | Lost status | Source of classification or shelving scheme | Damaged status | Not for loan | Permanent Location | Current Location | Shelving location | Date acquired | Source of acquisition | Cost, normal purchase price | Full call number | Barcode | Date last seen | Copy number | Price effective from | Koha item type |
|---|---|---|---|---|---|---|---|---|---|---|---|---|---|---|---|---|
| NUST Baluchistan Campus (NBC) | NUST Baluchistan Campus (NBC) | Book Cart | 07/23/2019 | Purchased | 0.00 | 624.1762 VAS | Q-178 | 07/23/2019 | 1 | 07/23/2019 | Book | |||||
| NUST Baluchistan Campus (NBC) | NUST Baluchistan Campus (NBC) | Book Cart | 07/23/2019 | Purchased | 0.00 | 624.1762 VAS | Q-179 | 07/23/2019 | 2 | 07/23/2019 | Book |
